[Event "Online Olym Div Top-A"]
[Site "Chess.com INT"]
[Date "2021.09.10"]
[Round "7.2"]
[White "Gabuzyan, Hovhannes"]
[Black "Nasanjargal, Urtnasan"]
[Result "1-0"]
[WhiteElo "2583"]
[BlackElo "2460"]
[PlyCount "79"]
[EventDate "2021.09.08"]
[EventType "team (rapid)"]
[EventRounds "9"]
[EventCountry "USA"]
[SourceTitle "CBM 204 Extra"]
[Source "ChessBase"]
[SourceDate "2021.11.30"]
[SourceVersion "1"]
[SourceVersionDate "2021.11.30"]
[SourceQuality "1"]
[WhiteTeam "Armenia"]
[BlackTeam "Mongolia"]
[WhiteTeamCountry "ARM"]
[BlackTeamCountry "MGL"]

1. Nf3 Nf6 2. g3 g6 3. Bg2 d5 4. 0-0 Bg7 5. c4 d4 6. d3 0-0 7. b4 Re8 8. Bg5 h6 9. Bxf6 exf6 10. Nbd2 a5 11. b5 c5 12. bxc6 Nxc6 13. Rb1 f5 14. Re1 Bf8 15. Qc1 Bb4 16. a3 Bf8 17. c5 a4 18. Nc4 Kg7 19. Rb5 Ra7 20. Qb2 Be6 21. Rc1 Kh7 22. h4 Bd5 23. Nb6 Bb3 24. Kf1 Bg7 25. Nd2 Na5 26. Nxb3 Nxb3 27. Rc4 f4 28. Rxa4 Rxa4 29. Nxa4 Na5 30. Qd2 Nc6 31. Qxf4 Qa8 32. Nb2 Qxa3 33. Bf3 Re7 34. Nc4 Qa6 35. Rb6 Qa4 36. Kg2 h5 37. Qd6 Bf8 38. Bxc6 bxc6 39. Qd8 Qd1 40. Qxf8 1-0

[Event "Online Olym Div Top-A"]
[Site "Chess.com INT"]
[Date "2021.09.10"]
[Round "9.1"]
[White "Makhnev, Denis"]
[Black "Nasanjargal, Urtnasan"]
[Result "1-0"]
[WhiteElo "2513"]
[BlackElo "2460"]
[PlyCount "99"]
[EventDate "2021.09.08"]
[EventType "team (rapid)"]
[EventRounds "9"]
[EventCountry "USA"]
[SourceTitle "CBM 204 Extra"]
[Source "ChessBase"]
[SourceDate "2021.11.30"]
[SourceVersion "1"]
[SourceVersionDate "2021.11.30"]
[SourceQuality "1"]
[WhiteTeam "Kazakhstan"]
[BlackTeam "Mongolia"]
[WhiteTeamCountry "KAZ"]
[BlackTeamCountry "MGL"]

1. d4 g6 2. e4 Bg7 3. Nf3 d6 4. Bd3 Nf6 5. 0-0 0-0 6. c3 Nc6 7. Nbd2 e5 8. Re1 Nh5 9. Nb3 Bg4 10. Be2 Re8 11. h3 Bd7 12. Bc4 Nf6 13. Ng5 Re7 14. d5 Nb8 15. Bf1 c6 16. c4 Na6 17. Bd2 cxd5 18. cxd5 Ba4 19. Qe2 h6 20. Nf3 Bxb3 21. axb3 Nc5 22. Qc4 b5 23. Qb4 Nfxe4 24. Rxe4 a5 25. Qxb5 Nxe4 26. Bxa5 Qb8 27. b4 Nf6 28. Rd1 Rb7 29. Qc6 Nd7 30. Nd2 Bf8 31. Rc1 Rba7 32. Ne4 f5 33. Nc3 Rb7 34. Nb5 Nf6 35. Bc7 Rxc7 36. Nxc7 Ra2 37. Ne6 Rxb2 38. b5 Be7 39. Qc3 Ra2 40. Qb3 Ra5 41. b6 Kh7 42. b7 Ra7 43. Rc7 Ng8 44. Ba6 Rxa6 45. Rc8 Ra1+ 46. Kh2 Qa7 47. Nc5 Bg5 48. b8Q Bf4+ 49. g3 Qa5 50. Q3b7+ 1-0

[Event "Asian Hybrid"]
[Site "Tornelo INT"]
[Date "2021.05.24"]
[Round "4"]
[White "Siddharth, Jagadeesh"]
[Black "Nasanjargal, Urtnasan"]
[Result "0-1"]
[WhiteElo "2331"]
[BlackElo "2460"]
[PlyCount "80"]
[EventDate "2021.05.21"]
[EventType "swiss"]
[EventRounds "9"]
[EventCountry "NET"]
[SourceTitle "CBM 202 Extra"]
[Source "ChessBase"]
[SourceDate "2021.07.31"]
[SourceVersion "1"]
[SourceVersionDate "2021.07.31"]
[SourceQuality "1"]

1. d4 Nf6 2. Nf3 g6 3. c4 Bg7 4. Nc3 c5 5. e4 cxd4 6. Nxd4 Nc6 7. Be3 Ng4 8. Qxg4 Nxd4 9. Qd1 Nc6 10. Qd2 d6 11. Be2 Be6 12. 0-0 0-0 13. Rfd1 Qa5 14. Rac1 Rfc8 15. f4 a6 16. a3 Rab8 17. Nd5 Qxd2 18. Rxd2 Bxd5 19. cxd5 Na5 20. Rdc2 Rxc2 21. Rxc2 Nb3 22. Bg4 b5 23. Ba7 Ra8 24. Bb6 a5 25. Kf1 Na1 26. Re2 a4 27. e5 f5 28. exf6 Bxf6 29. Be6+ Kf8 30. Bd7 Rb8 31. Bf2 Nb3 32. Rc2 Na1 33. Rc7 b4 34. Bxa4 b3 35. Ba7 Ra8 36. Bc6 Rd8 37. a4 Bxb2 38. a5 Bc3 39. Rb7 b2 40. Ba4 Ra8 0-1

[Event "Asian Hybrid"]
[Site "Tornelo INT"]
[Date "2021.05.23"]
[Round "3"]
[White "Nasanjargal, Urtnasan"]
[Black "Yakubboev, Nodirbek"]
[Result "0-1"]
[WhiteElo "2460"]
[BlackElo "2605"]
[PlyCount "80"]
[EventDate "2021.05.21"]
[EventType "swiss"]
[EventRounds "9"]
[EventCountry "NET"]
[SourceTitle "CBM 202 Extra"]
[Source "ChessBase"]
[SourceDate "2021.07.31"]
[SourceVersion "1"]
[SourceVersionDate "2021.07.31"]
[SourceQuality "1"]

1. Nf3 d5 2. d4 Nf6 3. c4 c6 4. Qc2 dxc4 5. Qxc4 Bg4 6. Nbd2 Nbd7 7. g3 e6 8. Bg2 Be7 9. 0-0 0-0 10. b3 a5 11. Ne5 Bh5 12. Ndf3 a4 13. bxa4 Nb6 14. Qb3 Rxa4 15. Rb1 Rb4 16. Qc2 Rxb1 17. Qxb1 Qc7 18. Bd2 Ra8 19. Qb3 Ra3 20. Qc2 Nfd5 21. Rb1 Nd7 22. Nxd7 Qxd7 23. Qb2 Bxf3 24. Bxf3 b5 25. Qc2 g6 26. e3 Qb7 27. Bd1 Qa6 28. Rb2 b4 29. Kg2 c5 30. dxc5 Bf6 31. e4 Bxb2 32. exd5 Bc3 33. Bf4 exd5 34. Qc1 Rxa2 35. Qe3 Qe6 36. Qxe6 fxe6 37. c6 Kf7 38. c7 Ra8 39. Bd6 b3 40. Bxb3 Ba5 0-1

[Event "Asian Hybrid"]
[Site "Tornelo INT"]
[Date "2021.05.21"]
[Round "1"]
[White "Nasanjargal, Urtnasan"]
[Black "Lopez, Henry"]
[Result "1-0"]
[WhiteElo "2460"]
[BlackElo "2107"]
[PlyCount "73"]
[EventDate "2021.05.21"]
[EventType "swiss"]
[EventRounds "9"]
[EventCountry "NET"]
[SourceTitle "CBM 202 Extra"]
[Source "ChessBase"]
[SourceDate "2021.07.31"]
[SourceVersion "1"]
[SourceVersionDate "2021.07.31"]
[SourceQuality "1"]

1. d4 Nf6 2. c4 c5 3. Nf3 cxd4 4. Nxd4 b6 5. Nc3 Bb7 6. Bg5 e6 7. Ndb5 d6 8. Bf4 e5 9. Bg5 a6 10. Bxf6 gxf6 11. Na3 f5 12. Nc2 f4 13. e3 fxe3 14. Nxe3 Nc6 15. Nf5 Qg5 16. Qf3 0-0-0 17. h4 Qf4 18. Nd5 Qxf3 19. gxf3 Kb8 20. Bd3 Ka7 21. Be4 Bc8 22. Nde3 Bxf5 23. Nxf5 Ne7 24. Ne3 Bh6 25. Rd1 Kb8 26. Rg1 Kc7 27. Ke2 Rdf8 28. Nf5 Nxf5 29. Bxf5 Rd8 30. Rd3 Rhg8 31. Rg4 Rxg4 32. fxg4 Bf4 33. Ra3 a5 34. b4 h6 35. Be4 b5 36. bxa5 bxc4 37. a6 1-0

[Event "Titled Tuesday intern op 02nd Feb"]
[Site "Chess.com INT"]
[Date "2021.02.02"]
[Round "5"]
[White "Nasanjargal, Urtnasan"]
[Black "Ezat, Mohamed Mahmoud"]
[Result "1-0"]
[WhiteElo "2460"]
[BlackElo "2404"]
[PlyCount "67"]
[EventDate "2021.02.02"]
[EventType "swiss (blitz)"]
[EventRounds "11"]
[EventCountry "USA"]
[SourceTitle "CBM 200 Extra"]
[Source "ChessBase"]
[SourceDate "2021.03.31"]
[SourceVersion "1"]
[SourceVersionDate "2021.03.31"]
[SourceQuality "1"]

1. d4 Nf6 2. c4 g6 3. Nf3 Bg7 4. g3 0-0 5. Bg2 d6 6. Nc3 Nc6 7. 0-0 Bg4 8. h3 Bxf3 9. Bxf3 Nd7 10. Be3 e5 11. Bxc6 bxc6 12. Qd2 f5 13. dxe5 Nxe5 14. b3 Qd7 15. Bh6 f4 16. Bxg7 Kxg7 17. Kh2 f3 18. e3 Rf5 19. g4 Rf7 20. Rg1 Kh8 21. Rad1 h5 22. gxh5 Rh7 23. Rg5 Qe7 24. Rdg1 Rg8 25. Qd4 Rxh5 26. Rxh5+ gxh5 27. Rxg8+ Kxg8 28. Qf4 Qg7 29. Qg3 Kf7 30. Ne4 Qxg3+ 31. Kxg3 Kg6 32. Kf4 c5 33. Nd2 h4 34. e4 1-0

[Event "Titled Tuesday intern op 02nd Feb"]
[Site "Chess.com INT"]
[Date "2021.02.02"]
[Round "4"]
[White "Ollier, Pablo"]
[Black "Nasanjargal, Urtnasan"]
[Result "0-1"]
[WhiteElo "2372"]
[BlackElo "2460"]
[PlyCount "78"]
[EventDate "2021.02.02"]
[EventType "swiss (blitz)"]
[EventRounds "11"]
[EventCountry "USA"]
[SourceTitle "CBM 200 Extra"]
[Source "ChessBase"]
[SourceDate "2021.03.31"]
[SourceVersion "1"]
[SourceVersionDate "2021.03.31"]
[SourceQuality "1"]

1. d4 Nf6 2. c4 g6 3. Nc3 Bg7 4. e4 d6 5. Nf3 0-0 6. Be2 Bg4 7. Be3 e5 8. d5 c6 9. Nd2 Bxe2 10. Qxe2 a6 11. g4 b5 12. h4 h5 13. f3 cxd5 14. cxd5 Nbd7 15. 0-0-0 Qa5 16. Nb3 Qb4 17. Kb1 Rfc8 18. Rc1 hxg4 19. Ka1 a5 20. Nd2 a4 21. a3 Qa5 22. Na2 Nc5 23. Nb4 Nb3+ 24. Nxb3 axb3 25. Rxc8+ Rxc8 26. Rc1 Rxc1+ 27. Bxc1 gxf3 28. Qxf3 Qa7 29. Qxb3 Qg1 30. Qc2 Nxe4 31. Qxe4 Qxc1+ 32. Ka2 f5 33. Qg2 Kh7 34. h5 gxh5 35. Qe2 Kg6 36. Qxb5 e4 37. Qe8+ Kg5 38. Qd8+ Bf6 39. Qxd6 Qxb2# 0-1

[Event "Titled Tuesday intern op 02nd Feb"]
[Site "Chess.com INT"]
[Date "2021.02.02"]
[Round "9"]
[White "Ozates, Tuna"]
[Black "Nasanjargal, Urtnasan"]
[Result "1-0"]
[WhiteElo "2217"]
[BlackElo "2460"]
[PlyCount "103"]
[EventDate "2021.02.02"]
[EventType "swiss (blitz)"]
[EventRounds "11"]
[EventCountry "USA"]
[SourceTitle "CBM 200 Extra"]
[Source "ChessBase"]
[SourceDate "2021.03.31"]
[SourceVersion "1"]
[SourceVersionDate "2021.03.31"]
[SourceQuality "1"]

1. e4 c5 2. Nf3 d6 3. Bb5+ Nd7 4. Ba4 Ngf6 5. 0-0 e6 6. d4 cxd4 7. Nxd4 a6 8. c4 Be7 9. Nc3 0-0 10. Qe2 Qc7 11. Rd1 Nb6 12. Bb3 Bd7 13. Bg5 Rac8 14. Rac1 Rfe8 15. Nb1 Na4 16. Bxa4 Bxa4 17. b3 Bc6 18. Nc3 h6 19. Bh4 Qa5 20. Bg3 Qc5 21. h3 Rcd8 22. Nd5 Qa5 23. Nxe7+ Rxe7 24. Nxc6 bxc6 25. Bxd6 Red7 26. e5 c5 27. exf6 Rxd6 28. Rxd6 Rxd6 29. Qg4 g6 30. Qf4 Qd2 31. Qxd2 Rxd2 32. b4 cxb4 33. c5 Rd7 34. Rc4 a5 35. Kf1 Kf8 36. Ke2 Ke8 37. c6 Rc7 38. Kd3 a4 39. Kd4 b3 40. axb3 axb3 41. Kc5 Rc8 42. Rb4 Ra8 43. Rxb3 Kd8 44. Kd6 Kc8 45. Rb7 Ra2 46. Rxf7 Rd2+ 47. Kxe6 Rxf2 48. Rg7 Re2+ 49. Kd6 Rd2+ 50. Ke5 Re2+ 51. Kd4 Re6 52. f7 1-0

[Event "Moscow Aeroflot op-B"]
[Site "Moscow"]
[Date "2020.02.22"]
[Round "4"]
[White "Nasanjargal, Urtnasan"]
[Black "Divya, Deshmukh"]
[Result "1-0"]
[WhiteElo "2462"]
[BlackElo "2322"]
[PlyCount "81"]
[EventDate "2020.02.19"]
[EventType "swiss"]
[EventRounds "9"]
[EventCountry "RUS"]
[SourceTitle "CBM 195"]
[Source "ChessBase"]
[SourceDate "2020.04.30"]
[SourceVersion "1"]
[SourceVersionDate "2020.04.30"]
[SourceQuality "1"]

1. Nf3 Nf6 2. c4 c5 3. b3 g6 4. Bb2 Bg7 5. g3 b6 6. Bg2 Bb7 7. 0-0 0-0 8. d4 cxd4 9. Qxd4 Nc6 10. Qc3 Rc8 11. Rd1 Qc7 12. Qe1 d6 13. Nc3 Qb8 14. Rd2 Qa8 15. e4 Ng4 16. Nd5 Nge5 17. Nd4 Rfe8 18. f4 Nxd4 19. Bxd4 Nd7 20. Bxg7 Kxg7 21. Bh3 Bc6 22. e5 e6 23. Nb4 dxe5 24. Rd6 Nc5 25. Qxe5+ f6 26. Qd4 a5 27. Nxc6 Rxc6 28. Rd7+ Nxd7 29. Qxd7+ Kh6 30. Bg2 Rec8 31. f5 gxf5 32. Qf7 e5 33. Rf1 f4 34. Be4 f5 35. Qxf5 R8c7 36. Qh3+ Kg7 37. Qxh7+ Kf6 38. Qf5+ Kg7 39. Qxe5+ Kg8 40. Bd5+ Rf7 41. Rxf4 1-0

[Event "Novi Sad TS GM 128th"]
[Site "Novi Sad"]
[Date "2020.02.17"]
[Round "7"]
[White "Thilakarathne, GM Harshana"]
[Black "Nasanjargal, Urtnasan"]
[Result "1-0"]
[WhiteElo "2383"]
[BlackElo "2462"]
[PlyCount "71"]
[EventDate "2020.02.14"]
[EventType "tourn"]
[EventRounds "9"]
[EventCountry "SRB"]
[EventCategory "6"]
[SourceTitle "CBM 195 Extra"]
[Source "ChessBase"]
[SourceDate "2020.05.31"]
[SourceVersion "1"]
[SourceVersionDate "2020.05.31"]
[SourceQuality "1"]

1. e4 g6 2. d4 Bg7 3. Nf3 d6 4. Bc4 Nf6 5. Qe2 0-0 6. 0-0 c6 7. Bb3 a5 8. a4 b6 9. Re1 Ba6 10. Qd1 e6 11. c3 Nbd7 12. Bf4 Qb8 13. h3 e5 14. Bh2 Qc7 15. Nbd2 b5 16. Qb1 c5 17. axb5 Bxb5 18. dxe5 Nxe5 19. Nxe5 dxe5 20. Nc4 Rfe8 21. Qc2 a4 22. Ba2 Bc6 23. Rad1 Re7 24. f3 Bh6 25. Rd6 Ne8 26. Bxe5 Nxd6 27. Bxd6 Qa7 28. Qf2 Ree8 29. Bxc5 Qc7 30. Nd6 Re7 31. e5 Bf4 32. Qh4 g5 33. Qh6 Bd7 34. Bd4 Ra6 35. Bb1 f5 36. Ba2+ 1-0

[Event "Novi Sad TS GM 128th"]
[Site "Novi Sad"]
[Date "2020.02.14"]
[Round "1"]
[White "Nasanjargal, Urtnasan"]
[Black "Leskur, Dejan"]
[Result "1-0"]
[WhiteElo "2462"]
[BlackElo "2304"]
[PlyCount "87"]
[EventDate "2020.02.14"]
[EventType "tourn"]
[EventRounds "9"]
[EventCountry "SRB"]
[EventCategory "6"]
[SourceTitle "CBM 195 Extra"]
[Source "ChessBase"]
[SourceDate "2020.05.31"]
[SourceVersion "1"]
[SourceVersionDate "2020.05.31"]
[SourceQuality "1"]

1. d4 g6 2. e4 Bg7 3. Nc3 d6 4. Nf3 Bg4 5. Be2 Nc6 6. Be3 e5 7. dxe5 dxe5 8. Qxd8+ Rxd8 9. Nd5 Rd7 10. Bb5 f5 11. Nd2 fxe4 12. Bxc6 bxc6 13. Nb4 Ne7 14. h3 Bf5 15. g4 Be6 16. Na6 Nd5 17. Nc5 Nxe3 18. fxe3 Re7 19. Nxe6 Rxe6 20. Ke2 Rd6 21. Nxe4 Rd5 22. Rhd1 Ke7 23. c4 Rdd8 24. Rac1 h6 25. Nc5 Bf6 26. Na6 e4 27. b4 Rxd1 28. Rxd1 h5 29. g5 Bxg5 30. Nc5 Rc8 31. Rg1 Bf6 32. Rxg6 Bc3 33. a3 Bb2 34. a4 Ba3 35. Re6+ Kf7 36. Rxc6 Bxb4 37. Nxe4 a5 38. c5 Rg8 39. Rxc7+ Ke6 40. Rh7 Ke5 41. Re7+ Kf5 42. Kd3 Rg2 43. Rf7+ Kg6 44. Rf1 1-0

[Event "Novi Sad TS Mix 127th"]
[Site "Novi Sad"]
[Date "2020.02.11"]
[Round "6"]
[White "Nasanjargal, Urtnasan"]
[Black "Damljanovic, Branko"]
[Result "0-1"]
[WhiteElo "2462"]
[BlackElo "2495"]
[PlyCount "70"]
[EventDate "2020.02.08"]
[EventType "swiss"]
[EventRounds "9"]
[EventCountry "SRB"]
[SourceTitle "CBM 194 Extra"]
[Source "ChessBase"]
[SourceDate "2020.03.31"]
[SourceVersion "1"]
[SourceVersionDate "2020.03.31"]
[SourceQuality "1"]

1. d4 Nf6 2. c4 e6 3. g3 Bb4+ 4. Bd2 a5 5. Bg2 d6 6. Nf3 Nbd7 7. 0-0 e5 8. Nc3 0-0 9. Qc2 Re8 10. a3 Bxc3 11. Bxc3 e4 12. Ng5 Qe7 13. Nh3 d5 14. cxd5 Nxd5 15. Bd2 c6 16. Nf4 N7f6 17. Nxd5 Nxd5 18. Qc5 Qf6 19. b4 Bg4 20. e3 a4 21. b5 Bf3 22. bxc6 bxc6 23. Rfe1 Bxg2 24. Kxg2 h5 25. Qc4 h4 26. Qe2 Qg6 27. Rab1 Reb8 28. Bb4 Rb5 29. h3 hxg3 30. fxg3 Rab8 31. Qg4 Qxg4 32. hxg4 Nxb4 33. axb4 Rxb4 34. Ra1 Rb2+ 35. Kh3 g5 0-1

[Event "Novi Sad TS Mix 127th"]
[Site "Novi Sad"]
[Date "2020.02.10"]
[Round "5"]
[White "Batsuren, Dambasuren"]
[Black "Nasanjargal, Urtnasan"]
[Result "1/2-1/2"]
[WhiteElo "2451"]
[BlackElo "2462"]
[PlyCount "37"]
[EventDate "2020.02.08"]
[EventType "swiss"]
[EventRounds "9"]
[EventCountry "SRB"]
[SourceTitle "CBM 194 Extra"]
[Source "ChessBase"]
[SourceDate "2020.03.31"]
[SourceVersion "1"]
[SourceVersionDate "2020.03.31"]
[SourceQuality "1"]

1. d4 Nf6 2. c4 e6 3. Nc3 Bb4 4. Qc2 0-0 5. a3 Bxc3+ 6. Qxc3 b6 7. Bg5 Bb7 8. f3 h6 9. Bh4 d5 10. e3 c5 11. dxc5 Nbd7 12. cxb6 Qxb6 13. Bxf6 gxf6 14. Ne2 Rfe8 15. Ng3 Ba6 16. b3 Rab8 17. Rd1 Qxb3 18. Qxb3 Rxb3 19. cxd5 1/2-1/2

[Event "Novi Sad TS GM Special 125th"]
[Site "Novi Sad"]
[Date "2020.02.04"]
[Round "5"]
[White "Naumkin, Igor"]
[Black "Nasanjargal, Urtnasan"]
[Result "1/2-1/2"]
[WhiteElo "2406"]
[BlackElo "2462"]
[PlyCount "205"]
[EventDate "2020.02.01"]
[EventType "tourn"]
[EventRounds "9"]
[EventCountry "SRB"]
[EventCategory "7"]
[SourceTitle "CBM 194 Extra"]
[Source "ChessBase"]
[SourceDate "2020.03.31"]
[SourceVersion "1"]
[SourceVersionDate "2020.03.31"]
[SourceQuality "1"]

1. d4 Nf6 2. c4 e6 3. Nf3 d5 4. Nc3 Bb4 5. cxd5 exd5 6. Bg5 h6 7. Bh4 c5 8. e3 c4 9. Nd2 g5 10. Bg3 Bf5 11. Be2 Nc6 12. 0-0 0-0 13. a3 Bxc3 14. bxc3 Qd7 15. f3 Rae8 16. e4 dxe4 17. Nxc4 Nd5 18. Rc1 Re6 19. fxe4 Bxe4 20. Qd2 Qe7 21. Rce1 b5 22. Ne5 Nxe5 23. Bxe5 Qxa3 24. Bxb5 Qxc3 25. Qa2 Rxe5 26. dxe5 Ne3 27. Qxa7 Nxf1 28. Rxe4 Nd2 29. Re3 Qc1+ 30. Kf2 Qb2 31. Be2 Nc4 32. Re4 Nd2 33. Re3 Nc4 34. Re4 Nxe5 35. Qd4 Qxd4+ 36. Rxd4 Rb8 37. h4 Rb2 38. hxg5 hxg5 39. g3 Kg7 40. Rd6 f6 41. Ra6 Kg6 42. Ke3 Rb3+ 43. Kf2 Rb2 44. Ke3 Rb3+ 45. Kf2 g4 46. Ra4 f5 47. Ra5 Kf6 48. Ra6+ Kg5 49. Ra5 Nf7 50. Rd5 Kf6 51. Bd3 Rb2+ 52. Ke3 Ne5 53. Be2 Rc2 54. Rd6+ Kg5 55. Rd5 Kf6 56. Rd6+ Ke7 57. Ra6 Rb2 58. Ra5 Kf6 59. Ra6+ Kg5 60. Ra5 Nf7 61. Rd5 Nh6 62. Re5 Rb3+ 63. Bd3 Rc3 64. Rb5 Rc1 65. Kf2 Rh1 66. Kg2 Rd1 67. Be2 Rd6 68. Kf2 Nf7 69. Bc4 Nh6 70. Ra5 Rd4 71. Rc5 Rd2+ 72. Be2 Ra2 73. Ke3 Ra1 74. Kf2 Ra3 75. Rd5 Ng8 76. Bd3 Ne7 77. Rd6 Ra5 78. Ke3 Nd5+ 79. Kd4 Nf6 80. Rd8 Nh5 81. Rg8+ Kh6 82. Bxf5 Rxf5 83. Rxg4 Ra5 84. Ke3 Nf6 85. Rd4 Kg5 86. Kf3 Ra3+ 87. Kg2 Kf5 88. Rf4+ Ke5 89. Rf3 Ra8 90. Rf4 Ne4 91. Rf3 Ra2+ 92. Kg1 Ng5 93. Re3+ Kd4 94. Re8 Ne4 95. g4 Ke3 96. g5 Kf3 97. Rf8+ Kg3 98. Kf1 Nc3 99. Ke1 Re2+ 100. Kf1 Re3 101. g6 Ne4 102. Rd8 Kf3 103. Rf8+ 1/2-1/2

[Event "Novi Sad TS GM Special 125th"]
[Site "Novi Sad"]
[Date "2020.02.03"]
[Round "4"]
[White "Nasanjargal, Urtnasan"]
[Black "Fernandez, Daniel"]
[Result "1/2-1/2"]
[WhiteElo "2462"]
[BlackElo "2462"]
[PlyCount "37"]
[EventDate "2020.02.01"]
[EventType "tourn"]
[EventRounds "9"]
[EventCountry "SRB"]
[EventCategory "7"]
[SourceTitle "CBM 194 Extra"]
[Source "ChessBase"]
[SourceDate "2020.03.31"]
[SourceVersion "1"]
[SourceVersionDate "2020.03.31"]
[SourceQuality "1"]

1. d4 Nf6 2. c4 g6 3. Nc3 d5 4. cxd5 Nxd5 5. e4 Nxc3 6. bxc3 Bg7 7. Bc4 c5 8. Ne2 0-0 9. 0-0 Nc6 10. Be3 Bg4 11. f3 Na5 12. Bd3 cxd4 13. cxd4 Be6 14. d5 Bxa1 15. Qxa1 f6 16. Bh6 Re8 17. Kh1 Rc8 18. Nf4 Bd7 19. e5 1/2-1/2

[Event "Novi Sad TS GM Special 125th"]
[Site "Novi Sad"]
[Date "2020.02.01"]
[Round "1"]
[White "Krishna Teja, N."]
[Black "Nasanjargal, Urtnasan"]
[Result "1-0"]
[WhiteElo "2375"]
[BlackElo "2462"]
[PlyCount "69"]
[EventDate "2020.02.01"]
[EventType "tourn"]
[EventRounds "9"]
[EventCountry "SRB"]
[EventCategory "7"]
[SourceTitle "CBM 194 Extra"]
[Source "ChessBase"]
[SourceDate "2020.03.31"]
[SourceVersion "1"]
[SourceVersionDate "2020.03.31"]
[SourceQuality "1"]

1. Nf3 Nf6 2. c4 b6 3. g3 Bb7 4. Bg2 g6 5. d4 Bg7 6. Nc3 e6 7. Bf4 d6 8. Qd2 Ne4 9. Nxe4 Bxe4 10. Bg5 f6 11. Qe3 d5 12. Bh6 Bxh6 13. Qxh6 Nc6 14. Qg7 Rf8 15. Qxh7 g5 16. Qg7 Qd6 17. cxd5 Qxd5 18. 0-0 Rd8 19. Qh6 Rd7 20. Qh5+ Kd8 21. e3 Rh7 22. Qg4 Rg8 23. Nxg5 Bxg2 24. Nxe6+ Ke7 25. Qxg8 Be4 26. f3 Qh5 27. Rf2 Bd5 28. Qf8+ Kxe6 29. e4 Nxd4 30. exd5+ Kd7 31. Qxf6 Qxd5 32. Rd2 c5 33. Rad1 Kc7 34. Rxd4 cxd4 35. Qxd4 1-0

[Event "MGL-ch 59th"]
[Site "Murun"]
[Date "2019.09.28"]
[Round "10"]
[White "Nasanjargal, Urtnasan"]
[Black "Munkhgal, Gombosuren"]
[Result "0-1"]
[WhiteElo "2480"]
[BlackElo "2429"]
[PlyCount "100"]
[EventDate "2019.09.21"]
[EventType "tourn"]
[EventRounds "11"]
[EventCountry "MGL"]
[EventCategory "8"]
[SourceTitle "EXT 2020"]
[Source "ChessBase"]
[SourceDate "2019.10.17"]
[SourceVersion "1"]
[SourceVersionDate "2019.10.17"]
[SourceQuality "1"]

1. c4 e6 2. d4 Nf6 3. g3 d5 4. Nf3 Bb4+ 5. Bd2 Be7 6. Bg2 0-0 7. 0-0 Nbd7 8. Qb3 c6 9. Nc3 b6 10. Rfd1 Bb7 11. Bf4 Nh5 12. Bd2 f5 13. Ne5 Nhf6 14. Bf4 Kh8 15. Rac1 Rc8 16. Qa4 a6 17. Qb3 b5 18. cxd5 cxd5 19. Nb1 Nxe5 20. Bxe5 Qb6 21. Qd3 b4 22. Nd2 a5 23. Nf3 Ne4 24. Qe3 Kg8 25. Rxc8 Rxc8 26. Rc1 Rc4 27. Bf4 Bf6 28. b3 Rxc1+ 29. Qxc1 Nc3 30. Qe3 Nxa2 31. Bg5 Nc3 32. Bf1 Ne4 33. Bxf6 gxf6 34. Ne1 Ba6 35. f3 Nc3 36. Nc2 Kg7 37. g4 fxg4 38. fxg4 Ne4 39. Bg2 Qc6 40. Bxe4 dxe4 41. Ne1 Bb7 42. g5 Qc3 43. gxf6+ Kf7 44. Qf2 a4 45. d5 Bxd5 46. Qa7+ Kxf6 47. Qf2+ Kg7 48. e3 Qf6 49. Qc2 axb3 50. Qc7+ Kh6 0-1

[Event "MGL-ch 59th"]
[Site "Murun"]
[Date "2019.09.21"]
[Round "1"]
[White "Nasanjargal, Urtnasan"]
[Black "Amartuvshin, Ganzorig"]
[Result "1/2-1/2"]
[WhiteElo "2480"]
[BlackElo "2391"]
[PlyCount "102"]
[EventDate "2019.09.21"]
[EventType "tourn"]
[EventRounds "11"]
[EventCountry "MGL"]
[EventCategory "8"]
[SourceTitle "EXT 2020"]
[Source "ChessBase"]
[SourceDate "2019.10.17"]
[SourceVersion "1"]
[SourceVersionDate "2019.10.17"]
[SourceQuality "1"]

1. d4 Nf6 2. c4 e6 3. g3 d5 4. Nf3 Be7 5. Bg2 0-0 6. 0-0 dxc4 7. Qc2 c6 8. a4 b6 9. Rd1 Bb7 10. Na3 Nbd7 11. Nxc4 c5 12. Nce5 Be4 13. Qb3 cxd4 14. Nxd7 Nxd7 15. Rxd4 Bd5 16. Qd1 Bf6 17. Bg5 Nc5 18. Bxf6 Qxf6 19. a5 b5 20. Ne1 Bb3 21. Qd2 Rad8 22. Nf3 Bd5 23. Rf4 Nb3 24. Rxf6 Nxd2 25. Rf4 Nb3 26. Re1 Nxa5 27. Ne5 f6 28. Nd3 Bxg2 29. Kxg2 Nc4 30. Nc5 e5 31. Rf3 Rd5 32. b4 Ra8 33. Rd3 Rxd3 34. exd3 Nb6 35. Ra1 Nd5 36. Na6 Rc8 37. Ra5 Nc3 38. Nc5 Rc7 39. Kf3 f5 40. Na6 Rd7 41. Nc5 Re7 42. Na6 e4+ 43. dxe4 fxe4+ 44. Ke3 h6 45. Kd2 Nd5 46. Rxb5 e3+ 47. Ke1 exf2+ 48. Kxf2 Rf7+ 49. Ke1 Re7+ 50. Kf2 Rf7+ 51. Ke1 Re7+ 1/2-1/2

[Event "Eastern Asia-ch zt 3.3"]
[Site "Ulaanbaatar"]
[Date "2019.04.12"]
[Round "6"]
[White "Nasanjargal, Urtnasan"]
[Black "Nguyen, Van Huy"]
[Result "0-1"]
[WhiteElo "2482"]
[BlackElo "2436"]
[PlyCount "78"]
[EventDate "2019.04.07"]
[EventType "swiss"]
[EventRounds "9"]
[EventCountry "MGL"]
[SourceTitle "CBM 189 Extra"]
[Source "ChessBase"]
[SourceDate "2019.05.31"]
[SourceVersion "1"]
[SourceVersionDate "2019.05.31"]
[SourceQuality "1"]

1. d4 Nf6 2. c4 e6 3. g3 d5 4. Bg2 Bb4+ 5. Nc3 0-0 6. Nf3 dxc4 7. 0-0 Nc6 8. a3 Be7 9. e4 Na5 10. Be3 c6 11. Qe2 b5 12. Rad1 Bb7 13. Ne5 Qc7 14. Bf4 Qb6 15. Bg5 Qc7 16. Bf4 Qb6 17. Be3 Rad8 18. d5 c5 19. Bg5 Rfe8 20. d6 Rxd6 21. Bxf6 Bxf6 22. Nd7 Rxd7 23. Rxd7 Bc6 24. e5 Bxe5 25. Bxc6 Nxc6 26. Ne4 Nd4 27. Qh5 g6 28. Qh6 Qc6 29. Rxf7 Kxf7 30. Ng5+ Ke7 31. Re1 Bf6 32. Qxh7+ Kd8 33. Nf7+ Kc8 34. Re3 Kb8 35. Qxg6 Nf3+ 36. Rxf3 Qxf3 37. Ne5 Qd1+ 38. Kg2 Qd5+ 39. Nf3 Rf8 0-1

[Event "Eastern Asia-ch zt 3.3"]
[Site "Ulaanbaatar"]
[Date "2019.04.10"]
[Round "4"]
[White "Nasanjargal, Urtnasan"]
[Black "Gomez, John Paul"]
[Result "1/2-1/2"]
[WhiteElo "2482"]
[BlackElo "2460"]
[PlyCount "121"]
[EventDate "2019.04.07"]
[EventType "swiss"]
[EventRounds "9"]
[EventCountry "MGL"]
[SourceTitle "CBM 189 Extra"]
[Source "ChessBase"]
[SourceDate "2019.05.31"]
[SourceVersion "1"]
[SourceVersionDate "2019.05.31"]
[SourceQuality "1"]

1. Nf3 c5 2. e4 Nc6 3. d4 cxd4 4. Nxd4 g6 5. c4 Nf6 6. Nc3 d6 7. Be2 Nxd4 8. Qxd4 Bg7 9. Be3 0-0 10. Qd2 a5 11. f3 a4 12. Kf2 Be6 13. Rac1 Qa5 14. Nd5 Bxd5 15. Qxa5 Rxa5 16. cxd5 Nd7 17. Rc7 Nc5 18. Rb1 Rfa8 19. Kf1 Bf6 20. g4 g5 21. e5 Bxe5 22. Bxg5 e6 23. Bd2 R5a7 24. f4 Bd4 25. dxe6 fxe6 26. f5 d5 27. Bf3 Ne4 28. Bh6 exf5 29. gxf5 Ra6 30. Rd1 Be5 31. Re7 Rxh6 32. Rxe5 Rxh2 33. Bg2 Nf6 34. Kg1 Rh4 35. Bxd5+ Nxd5 36. Rdxd5 Rf8 37. Kg2 h5 38. a3 Rf7 39. Re3 Rc4 40. Kf3 h4 41. Re8+ Kg7 42. Re6 h3 43. Kg3 Rc2 44. Rg6+ Kf8 45. Rh6 Kg7 46. Rxh3 Rxb2 47. Kg4 Re7 48. Rf3 Re4+ 49. Kg3 Rc4 50. Rd7+ Kf6 51. Rh7 Rb3 52. Rh6+ Kf7 53. Rxb3 axb3 54. Rb6 Ra4 55. Rxb7+ Kf6 56. Rxb3 Kxf5 57. Re3 Rg4+ 58. Kf3 Rf4+ 59. Ke2 Re4 60. Rxe4 Kxe4 61. Kd2 1/2-1/2